Loading...
| Science - Chemistry | 5 | 3 | 4 | 1 | 85 | 60 | 84.13 | 3 | 7 | 0.00 | 0.00 |
| Science - Physics | 1 | 5 | 1 | 1 | 60 | 49 | 100.83 | 0 | 1 | 0.00 | 0.00 |
| Fine Arts - Painting and Sculpture | 0 | 5 | 1 | 0 | 45 | 101 | 117.00 | 0 | 0 | 0.00 | 0.00 |
| History - American | 1 | 3 | 0 | 1 | 45 | 100 | 118.25 | 0 | 1 | 0.00 | 0.00 |
| Science - Biology | 0 | 3 | 2 | 0 | 20 | 130 | 132.67 | 0 | 2 | 0.00 | 0.00 |
| Other Science (Mixed/Any) | 1 | 0 | 0 | 0 | 15 | 64 | 64.00 | 0 | 1 | 0.00 | 0.00 |
| Other Science (Computer Science) | 0 | 2 | 1 | 0 | 15 | 91 | 104.50 | 1 | 1 | 0.00 | 0.00 |
| Other Culture | 1 | 0 | 0 | 0 | 15 | 45 | 45.00 | 1 | 1 | 0.00 | 0.00 |
| Other Science (Math) | 0 | 1 | 0 | 0 | 10 | 138 | 138.00 | 0 | 0 | 0.00 | 0.00 |
| Religion | 0 | 1 | 0 | 0 | 10 | 102 | 102.00 | 0 | 0 | 0.00 | 0.00 |
| History - European | 0 | 1 | 0 | 1 | 10 | 153 | 153.00 | 0 | 0 | 0.00 | 0.00 |
| Literature - American | 0 | 1 | 0 | 0 | 10 | 146 | 146.00 | 0 | 0 | 0.00 | 0.00 |
| Literature - British | 0 | 1 | 0 | 0 | 10 | 149 | 149.00 | 0 | 0 | 0.00 | 0.00 |
| Literature - World | 0 | 1 | 0 | 1 | 10 | 155 | 155.00 | 0 | 0 | 0.00 | 0.00 |
| Mythology | 0 | 1 | 0 | 1 | 10 | 149 | 149.00 | 0 | 0 | 0.00 | 0.00 |
| Other Academic | 0 | 1 | 0 | 0 | 10 | 114 | 114.00 | 0 | 0 | 0.00 | 0.00 |
| Other Science (Engineering) | 0 | 1 | 0 | 0 | 10 | 92 | 92.00 | 0 | 1 | 0.00 | 0.00 |
| Other Science (Earth Science) | 0 | 1 | 1 | 0 | 5 | 86 | 86.00 | 1 | 1 | 0.00 | 0.00 |
| Fine Arts - Classical Music and Opera | 0 | 1 | 1 | 1 | 5 | 147 | 147.00 | 0 | 0 | 0.00 | 0.00 |
| Social Science | 0 | 0 | 0 | 0 | 0 | 0.00 | 0 | 0 | 0.00 | 0.00 | |
| Philosophy | 0 | 0 | 0 | 0 | 0 | 0.00 | 0 | 0 | 0.00 | 0.00 | |
| Geography | 0 | 0 | 1 | 0 | -5 | 0.00 | 0 | 0 | 0.00 | 0.00 | |
| Fine Arts - Other Arts | 0 | 0 | 1 | 0 | -5 | 0.00 | 0 | 0 | 0.00 | 0.00 | |
| Other Science (Astronomy) | 0 | 0 | 2 | 0 | -10 | 0.00 | 0 | 0 | 0.00 | 0.00 |